LEADER 00926cam0-2200337---450- 001 990004645910403321 005 20080925121936.0 035 $a000464591 035 $aFED01000464591 035 $a(Aleph)000464591FED01 035 $a000464591 100 $a19990604d1968----km-y0itay50------ba 101 0 $aita 105 $ay-------001cy 200 1 $a<>Rothschild$fJean Bouvier 210 $aBari$cLaterza$d1968 215 $a314 p.$d21 cm 225 1 $aBiblioteca di cultura moderna$v651 610 0 $aFinanzieri$aBiografie$aSec. 19.-20. 610 0 $aRothschild $aStoria 676 $a332.1092 700 1$aBouvier,$bJean$f<1920-1987>$0302172 801 0$aIT$bUNINA$gRICA$2UNIMARC 901 $aBK 912 $a990004645910403321 952 $a332 BOU 1$bBibl.48938$fFLFBC 952 $aSE 070.01.11-$fDECSE 959 $aFLFBC 959 $aDECSE 996 $aRothschild$918003 997 $aUNINA LEADER 01238nam0 2200313 i 450 001 SUN0113374 005 20180112111941.312 010 $d0.00 017 70$2N$a978-3-319-15365-0 100 $a20180109d2015 |0engc50 ba 101 $aeng 102 $aCH 105 $a|||| ||||| 200 1 $a*Measure and integral$fMartin Brokate, Götz Kersting 205 $a[Cham] : Birkhäuser : Springer, 2015 210 $aVII$d172 p.$cill. ; 24 cm 215 $aPubblicazione in formato elettronico 410 1$1001SUN0103268$12001 $a*Compact textbooks in mathematics$1210 $aBasel$cBirkhäuser ; Springer$d2013-. 606 $a28-XX$xMeasure and integration [MSC 2020]$2MF$3SUNC019878 700 1$aBrokate$b, Martin$3SUNV087511$027707 701 1$aKersting$b, Gotz$3SUNV087512$0755568 712 $aSpringer$3SUNV000178$4650 712 $aBirkhäuser$3SUNV000319$4650 801 $aIT$bSOL$c20210503$gRICA 856 4 $uhttp://dx.doi.org/10.1007/978-3-319-15365-0 912 $aSUN0113374 950 $aUFFICIO DI BIBLIOTECA DEL DIPARTIMENTO DI MATEMATICA E FISICA$d08CONS e-book 0313 $e08eMF313 20180109 996 $aMeasure and integral$91522574 997 $aUNICAMPANIA